000 00802nam a22002177a 4500
999 _c178463
_d178463
005 20210331130458.0
010 _aENG-129357
020 _a978-93-5388-364-5
_c1095.00
035 _aEN-112889
037 _bDBAD/PUB
082 _a320.954162
100 _aGoswami, Sandhya
245 _aAssam Politics in Post-Congress Era: 1985 and beyond/
_cSandhya Goswami
260 _aNew Delhi
_bSage Publication India
_c2020
270 _aB1/1-1 Mohan Cooperative Industrial Area Mathura Road
_bNew Delhi
_e110044
300 _axviii+188p.
_c22cm(hbk)
_bIncluding tables, bibliographical references and index.
490 _aSage Series on Politics in Indian States
_vVol 4
760 _bPalshikar, Suhas, Ed.
760 _bDeshpande, Rajeshwari, Ed.
942 _2ddc
_cEN
_h320.954162
_mGOS